| 000 | 01396nam0a2200349 4500 | ||
|---|---|---|---|
| 001 | RU\NLR\bibl\53710 | ||
| 005 | 20260406071119.0 | ||
| 010 | _a5-300-02157-1 | ||
| 021 |
_aRU _b99-29148 _91419 |
||
| 035 | _a(NLR Aleph) 000052408 | ||
| 090 |
_a281492 _c281492 |
||
| 100 | _a19991019d1999 |||y0rusy50 ca | ||
| 101 | 1 |
_arus _ceng |
|
| 102 | _aRU | ||
| 105 | _ay ||||||||| | ||
| 200 | 1 |
_aТорквемада и испанская инквизиция _fРафаэль Сабатини _g[Пер. с англ. П. Павленко] |
|
| 210 |
_aМ. _cТЕРРА-Кн. клуб _d1999 |
||
| 215 |
_a317, [2] с. _d20 |
||
| 225 | 1 | _aСон разума рождает чудовищ | |
| 300 | _aЗагл. обл. и суперобл.: Торквемада | ||
| 600 | 1 |
_aТорквемада _bТ. _f1420 - 1498 _gТомас _91848400 _3RU\NLR\auth\66837365 |
|
| 606 | 0 |
_aИнквизиция _xИстория _yИспания _91848398 _3RU\NLR\auth\66837364 |
|
| 686 | _aТ3(4Ис)42-8 | ||
| 686 | _aТ3(4Ис)42-522 | ||
| 700 | 1 |
_4070 _8rus _7ca _aСабатини _bР. _gРафаэль _f1875-1950 _3RU\NLR\auth\7727484 _910516 |
|
| 702 | 1 |
_4570 _8rus _7ca _aТорквемада _bТ. _fок.1420-1498 _gТомас _3RU\NLR\auth\779165 _9119023 |
|
| 801 | 0 |
_aRU _bNLR _c19991019 _gPSBO |
|
| 801 | 1 |
_aRU _bNLR _c19991019 |
|
| 852 |
_aNLR _j99-3/12771 |
||
| 942 | _cBOOK | ||
| 980 | _aNB | ||